| 000 | 00640nam a22001817a 4500 | ||
|---|---|---|---|
| 003 | OSt | ||
| 005 | 20251126114158.0 | ||
| 008 | 251126b |||||||| |||| 00| 0 eng d | ||
| 020 | _a13 : 978-0-495-24466-0. | ||
| 040 |
_aDWCL-Main lib _cOC |
||
| 082 |
_2International Student ed. _aCirc. 620 M687e 2008 |
||
| 100 | _aMoavenni, Saeed | ||
| 245 |
_aEngineering fundamentals : _ban introduction to engineering Int'l. student ed. _cMoaveni, Saeed |
||
| 260 |
_aCanada : _bThomson Learning, _cc2008. |
||
| 300 |
_axv, 632 pages : _billustration ; _c23 cm. |
||
| 650 | _21. Engineering. | ||
| 942 |
_2ddc _cBK-CIRC _eInternational Student ed. _kCirc. _n0 |
||
| 999 |
_c6387 _d6387 |
||